|
|
|
|
| LEADER |
00000nam0a2200000 4500 |
| 001 |
288045 |
| 005 |
20231102000041.0 |
| 035 |
|
|
|a (RuTPU)RU\TPU\book\312491
|
| 090 |
|
|
|a 288045
|
| 100 |
|
|
|a 20150320d1984 k y0rusy50 ca
|
| 101 |
1 |
|
|a rus
|c cze
|
| 102 |
|
|
|a RU
|
| 105 |
|
|
|a a z 001zd
|
| 200 |
1 |
|
|a Кто мы?
|e Книга о жизни, клетках и ученых
|e пер. с чеш.
|f С. Штрбанова
|
| 210 |
|
|
|a Москва
|c Прогресс
|d 1984
|
| 215 |
|
|
|a 144 с.
|c ил.
|
| 320 |
|
|
|a Имен. указ.: с. 140-141.
|
| 320 |
|
|
|a Предм. указ.: с. 142-143.
|
| 600 |
|
1 |
|a Дарвин
|g Чарльз Роберт
|c английский естествоиспытатель
|f 1809-1882
|b Ч. Р.
|2 stltpush
|3 (RuTPU)RU\TPU\pers\1166
|
| 600 |
|
1 |
|a Мендель
|b Г. И.
|f 1822-1884
|g Грегор Иоганн
|c австрийский естествоиспытатель
|c монах
|c основоположник учения о наследственности
|2 stltpush
|3 (RuTPU)RU\TPU\pers\4404
|
| 600 |
|
1 |
|a Опарин
|b А. И.
|f 1894-1980
|g Александр Иванович
|c российский биохимик
|c академик АН СССР
|2 stltpush
|3 (RuTPU)RU\TPU\pers\6735
|
| 606 |
1 |
|
|a Жизнь
|x Происхождение
|x (биология)
|2 stltpush
|3 (RuTPU)RU\TPU\subj\39129
|9 59329
|
| 610 |
1 |
|
|a происхождение
|
| 610 |
1 |
|
|a изучение
|
| 610 |
1 |
|
|a клетка
|
| 610 |
1 |
|
|a клеточная теория
|
| 610 |
1 |
|
|a дарвинизм
|
| 610 |
1 |
|
|a генетика
|
| 610 |
1 |
|
|a историзм
|
| 610 |
1 |
|
|a концепции
|
| 675 |
|
|
|a 573.5
|v 3
|
| 700 |
|
1 |
|a Штрбанова
|b С.
|
| 801 |
|
1 |
|a RU
|b 63413507
|c 20150320
|
| 801 |
|
2 |
|a RU
|b 63413507
|c 20150324
|g RCR
|
| 942 |
|
|
|c BK
|